000 00923cam a22002773a 4500
001 21403
003 PGUSA
005 20140828083445.0
008 070509s2007||||xxu|||||s|||||000 1 eng d
040 _aPGUSA
_beng
042 _adc
050 4 _aPZ
100 1 _aKingston, William Henry Giles,
_d1814-1880
245 1 4 _aThe Pirate of the Mediterranean :
_bA Tale of the Sea
_h[electronic resource] /
_cWilliam Henry Giles Kingston
260 _bProject Gutenberg,
_c2007
506 _aPublic domain in the USA.
516 _aElectronic text
653 _aSeafaring life -- Juvenile fiction
653 _aMediterranean Sea -- Juvenile fiction
653 _aPirates -- Juvenile fiction
653 _aAdventure and adventurers -- Juvenile fiction
700 1 _aTilney, F. C.
_q(Frederick Colin),
_d1870-1951
830 0 _aProject Gutenberg
_v21403
856 4 0 _uhttp://www.gutenberg.org/ebooks/21403
942 _cEB
999 _c250658
_d250658